00866nam a2200265 i 450000100060000000300090000600500170001500700030003200800410003502000150007608000210009110000430011224500490015525000120020426000330021630000210024949000460027065000380031665500300035483000470038485200220043194200080045399900170046195201220047873934ES-MaACL20240528062729.0t|040913s1985 sp ||||1| spa d a8426427065 a821.134.2-14"19"1 aGonzález, Ángel,d1925-200895828010aTratado de urbanismo / cÁngel González. a3ª ed. aBarcelona : bLumen, c1985. a76 p. ; c21 cm.1 aEl bardo. Colección de poesía ; v106 4916177aPoesía española-yS.XX 72tgfbneaPoesías91765391 aEl Bardo (Batlló, José) ;v10692359224 aES-MaACLjL-11117 2udc c73934d73934 00104070aATENEOMbATENEOMcDEPO2d2008-01-17eSCl0oL-11117p1077390r2023-02-23 00:00:00w2023-02-23yMONOGRAFIA